<?xml version="1.0" encoding="UTF-8"?>
<collection xmlns="http://www.loc.gov/MARC21/slim">
 <record>
  <leader>05486nam a2200433 a 4500</leader>
  <controlfield tag="001">kal1940</controlfield>
  <controlfield tag="003">Gr-AtHEAL</controlfield>
  <controlfield tag="005">20160421142916.0</controlfield>
  <controlfield tag="006">m        d        </controlfield>
  <controlfield tag="008">160413s2015    gr      s           gre|c</controlfield>
  <datafield tag="020" ind1=" " ind2=" ">
   <subfield code="a">9786188212411</subfield>
  </datafield>
  <datafield tag="040" ind1=" " ind2=" ">
   <subfield code="a">GR-AtHEAL</subfield>
   <subfield code="b">gre</subfield>
   <subfield code="c">GR-AtHEAL</subfield>
  </datafield>
  <datafield tag="082" ind1="0" ind2="4">
   <subfield code="a">613.2</subfield>
   <subfield code="2">23</subfield>
  </datafield>
  <datafield tag="100" ind1="1" ind2=" ">
   <subfield code="a">Κοντογιάννη, Μερόπη.</subfield>
   <subfield code="8">361</subfield>
  </datafield>
  <datafield tag="245" ind1="1" ind2="0">
   <subfield code="a">Εγχειρίδιο κλινικής διατροφής</subfield>
   <subfield code="h">[Ηλεκτρονικός πόρος] </subfield>
   <subfield code="c">Κοντογιάννη, Μερόπη ; Γιαννακούλια, Μαρία ; Καράτζη, Καλλιόπη ; Φάππα, Ευαγγελία ; Κριτικός αναγνώστης,Πούλια, Καλλιόπη-Άννα ; Τεχνική επιμέλεια,Μουρίκης, Χρήστος.</subfield>
  </datafield>
  <datafield tag="260" ind1=" " ind2=" ">
   <subfield code="a">Αθήνα :</subfield>
   <subfield code="b">Σύνδεσμος Ελληνικών Ακαδημαϊκών Βιβλιοθηκών,</subfield>
   <subfield code="c">c2015.</subfield>
  </datafield>
  <datafield tag="490" ind1=" " ind2=" ">
   <subfield code="a">Ακαδημαϊκά Ηλεκτρονικά Συγγράμματα και Βοηθήματα Κάλλιπος</subfield>
   <subfield code="8">40</subfield>
  </datafield>
  <datafield tag="520" ind1=" " ind2=" ">
   <subfield code="a">Το εγχειρίδιο Κλινικής Διατροφής στοχεύει στο να αποτελέσει μία βιβλιογραφική πηγή για τη διατροφική φροντίδα υγιών και ασθενών, η οποία θα εξυπηρετήσει τις ανάγκες των φοιτητών Διαιτολογίας και μελλοντικών Διαιτολόγων, στον τομέα της Κλινικής Διαιτολογίας. Το εγχειρίδιο καταρχάς αναφέρεται στη διαδικασία της διατροφικής φροντίδας και τα αρχεία που χρησιμοποιούνται για την καταγραφή αυτής. Περιγράφει τη διαδικασία ανίχνευσης διατροφικού κινδύνου παραθέτοντας και αντίστοιχα εργαλεία που χρησιμοποιούνται σε ευρεία κλίμακα και αναφέρει πρακτικές πληροφορίες για τη διατροφική αξιολόγηση των ασθενών (π.χ. υπολογισμός και ερμηνεία ανθρωπομετρικών δεικτών, ερμηνεία βιοχημικών παραμέτρων, βασικές αρχές συνέντευξης αξιολόγησης). Επιπλέον, περιγράφει σύντομα τον τρόπο εκτίμησης των αναγκών σε ενέργεια και θρεπτικά συστατικά, παρέχοντας τους αντίστοιχους μαθηματικούς τύπους και πίνακες και περιλαμβάνει λεπτομερείς λίστες με τα ισοδύναμα των ομάδων τροφίμων που χρησιμοποιούνται για τη σύνταξη διαιτολογίων υγιών και ασθενών (π.χ. διαβητικών, νεφροπαθών). Στα τελευταία κεφάλαια του εγχειριδίου ο αναγνώστης βρίσκει σύντομες περιγραφές και ενδεικτικά μενού θεραπευτικών διαιτών, πρωτόκολλα εντερικής και παρεντερικής σίτισης και λίστες με πόσιμα συμπληρώματα διατροφής, σκευάσματα εντερικής σίτισης και συμπληρώματα ανόργανων στοιχείων.</subfield>
  </datafield>
  <datafield tag="650" ind1=" " ind2="0">
   <subfield code="a">Nutrition</subfield>
   <subfield code="8">2092</subfield>
  </datafield>
  <datafield tag="650" ind1=" " ind2="0">
   <subfield code="a">Diet therapy</subfield>
   <subfield code="8">2094</subfield>
  </datafield>
  <datafield tag="653" ind1=" " ind2=" ">
   <subfield code="a">Διατροφική φροντίδα</subfield>
  </datafield>
  <datafield tag="653" ind1=" " ind2=" ">
   <subfield code="a">Διαιτολογία</subfield>
  </datafield>
  <datafield tag="653" ind1=" " ind2=" ">
   <subfield code="a">Κλινική διατροφή</subfield>
  </datafield>
  <datafield tag="653" ind1=" " ind2=" ">
   <subfield code="a">Επιστήμες υγείας</subfield>
   <subfield code="a">Ασθένειες</subfield>
   <subfield code="a">Διατροφικές διαταραχές</subfield>
   <subfield code="a">Υποσιτισμός</subfield>
  </datafield>
  <datafield tag="653" ind1=" " ind2=" ">
   <subfield code="a">Επιστήμες υγείας</subfield>
   <subfield code="a">Ασθένειες</subfield>
   <subfield code="a">Διατροφικές διαταραχές</subfield>
  </datafield>
  <datafield tag="653" ind1=" " ind2=" ">
   <subfield code="a">Χημεία/Γενική χημεία</subfield>
   <subfield code="a">Χημεία τροφίμων</subfield>
   <subfield code="a">Προσθετά τροφίμων</subfield>
   <subfield code="a">Συμπληρώματα διατροφής</subfield>
  </datafield>
  <datafield tag="653" ind1=" " ind2=" ">
   <subfield code="a">Επιστήμες υγείας</subfield>
   <subfield code="a">Επιστήμες διατροφής</subfield>
   <subfield code="a">Διαιτητική/διαιτολογία</subfield>
   <subfield code="a">Διαιτοθεραπεία</subfield>
  </datafield>
  <datafield tag="653" ind1=" " ind2=" ">
   <subfield code="a">Επιστήμες υγείας</subfield>
   <subfield code="a">Επιστήμες διατροφής</subfield>
   <subfield code="a">Διαιτητική/διαιτολογία</subfield>
  </datafield>
  <datafield tag="653" ind1=" " ind2=" ">
   <subfield code="a">Επιστήμες υγείας</subfield>
   <subfield code="a">Επιστήμες διατροφής</subfield>
  </datafield>
  <datafield tag="653" ind1=" " ind2=" ">
   <subfield code="a">Επιστήμες υγείας</subfield>
   <subfield code="a">Επιστήμες διατροφής</subfield>
   <subfield code="a">Διαιτητική/διαιτολογία</subfield>
   <subfield code="a">Κλινική διατροφή</subfield>
  </datafield>
  <datafield tag="700" ind1="1" ind2=" ">
   <subfield code="a">Φάππα, Ευαγγελία</subfield>
   <subfield code="e">Συγγραφέας</subfield>
   <subfield code="8">362</subfield>
  </datafield>
  <datafield tag="700" ind1="1" ind2=" ">
   <subfield code="a">Καράτζη, Καλλιόπη-Ζαφειρένια</subfield>
   <subfield code="e">Συγγραφέας</subfield>
   <subfield code="8">363</subfield>
  </datafield>
  <datafield tag="700" ind1="1" ind2=" ">
   <subfield code="a">Γιαννακούλια, Μαρία</subfield>
   <subfield code="e">Συγγραφέας</subfield>
   <subfield code="8">364</subfield>
  </datafield>
  <datafield tag="700" ind1="1" ind2=" ">
   <subfield code="a">Πούλια, Καλλιόπη-Άννα</subfield>
   <subfield code="e">Κριτικός αναγνώστης</subfield>
   <subfield code="8">365</subfield>
  </datafield>
  <datafield tag="856" ind1="4" ind2="0">
   <subfield code="u">http://hdl.handle.net/11419/1940</subfield>
   <subfield code="z">Πλήρες Κείμενο - Full text</subfield>
  </datafield>
  <datafield tag="907" ind1=" " ind2=" ">
   <subfield code="a">.b25680055</subfield>
   <subfield code="b">12-06-18</subfield>
   <subfield code="c">29-07-16</subfield>
  </datafield>
  <datafield tag="949" ind1=" " ind2=" ">
   <subfield code="0">0</subfield>
   <subfield code="1">0</subfield>
   <subfield code="2">ddc</subfield>
   <subfield code="4">0</subfield>
   <subfield code="6">613_200000000000000_ΚΟΝ</subfield>
   <subfield code="7">0</subfield>
   <subfield code="8">KALL</subfield>
   <subfield code="8">764</subfield>
   <subfield code="d">2016-04-13</subfield>
   <subfield code="r">2016-04-13</subfield>
   <subfield code="w">2016-04-13</subfield>
   <subfield code="z">613.2 ΚΟΝ</subfield>
   <subfield code="o">SEAB KALLIPOS</subfield>
  </datafield>
  <datafield tag="998" ind1=" " ind2=" ">
   <subfield code="a">80</subfield>
   <subfield code="a">01</subfield>
   <subfield code="a">02</subfield>
   <subfield code="a">03</subfield>
   <subfield code="a">04</subfield>
   <subfield code="a">05</subfield>
   <subfield code="a">06</subfield>
   <subfield code="a">07</subfield>
   <subfield code="a">08</subfield>
   <subfield code="a">09</subfield>
   <subfield code="a">10</subfield>
   <subfield code="a">11</subfield>
   <subfield code="a">12</subfield>
   <subfield code="a">13</subfield>
   <subfield code="a">14</subfield>
   <subfield code="a">15</subfield>
   <subfield code="a">16</subfield>
   <subfield code="a">17</subfield>
   <subfield code="a">18</subfield>
   <subfield code="a">19</subfield>
   <subfield code="a">20</subfield>
   <subfield code="a">21</subfield>
   <subfield code="a">22</subfield>
   <subfield code="a">23</subfield>
   <subfield code="a">24</subfield>
   <subfield code="a">25</subfield>
   <subfield code="a">26</subfield>
   <subfield code="b">16-05-17</subfield>
   <subfield code="c">m</subfield>
   <subfield code="d">z  </subfield>
   <subfield code="e">-</subfield>
   <subfield code="f">gre</subfield>
   <subfield code="g">gr </subfield>
   <subfield code="h">0</subfield>
  </datafield>
  <datafield tag="942" ind1=" " ind2=" ">
   <subfield code="2">ddc</subfield>
   <subfield code="c">KALLIPOS</subfield>
  </datafield>
 </record>
</collection>
